010820000a22002050004500090001400000245015100014650003900165650003200204650003500236651003500271653004300306041001300349700002700362100002900389942001300418773004800431999001500479952019100494952019100685 aARb0038510aDistribution and abundance of the west indian manatee Trichechus manatus around selected Florida power plants following winter cold front: 1984-8514aDistribución geográfica99299714aDinámica poblacional960814aMamíferos acuáticos993274 4dFloridapEstados Unidos992749 gTrichechuseTrichechus manatusvmanati0 aInglés1 aWilcox, J. Ross9933121 aReynolds, John E.993280 cARTICULO1 tBiological Conservation3147q103-113d1986 c9482d9482 001040718HEMEROTECAaBogotabBogotad2015-02-27eInstituto de Ciencias NaturaleshFuera de circulaciónl0oAR 00385p010641r2015-03-25 00:00:00t1w2015-03-25xDonaciónyARTICULO 001040718HEMEROTECAaBogotabBogotad2015-02-27eInstituto de Ciencias NaturaleshFuera de circulaciónl0oAR 00385p010642r2015-03-25 00:00:00t2w2015-03-25xDonaciónyARTICULO